El mundo de los anticuarios / (Record no. 30847)

MARC details
000 -LEADER
campo de control de longitud fija 00569nam a2200181 i 4500
001 - NÚMERO DE CONTROL
campo de control 30847
003 - IDENTIFICADOR DE NÚMERO DE CONTROL
campo de control ES-MaACL
005 - FECHA Y HORA DE LA ÚLTIMA TRANSACCIÓN
campo de control 20230906154249.0
007 - CAMPO FIJO DE DESCRIPCIÓN FÍSICA--INFORMACIÓN GENERAL
campo de control de longitud fija t|
008 - DATOS DE LONGITUD FIJA--INFORMACIÓN GENERAL
campo de control de longitud fija 030127s1962 sp ||||1| spa d
100 1# - ENTRADA PRINCIPAL--NOMBRE DE PERSONA
Nombre de persona Bellini, Luigi.
9 (RLIN) 27225
245 13 - MENCIÓN DEL TÍTULO
Título El mundo de los anticuarios /
Mención de responsabilidad, etc. Luigi Bellini ; prefacio de Rafaello Franchi ; traducción de Myrta Casacuberta.
260 ## - PUBLICACIÓN, DISTRIBUCIÓN, ETC.
Lugar de publicación, distribución, etc. [Barcelona] :
Nombre del editor, distribuidor, etc. Zeus,
Fecha de publicación, distribución, etc. [1962]
300 ## - DESCRIPCIÓN FÍSICA
Extensión 328 p. ;
Dimensiones 18 cm.
700 1# - ENTRADA AGREGADA--NOMBRE PERSONAL
Nombre de persona Franchi, Rafaello.
9 (RLIN) 52169
700 1# - ENTRADA AGREGADA--NOMBRE PERSONAL
Nombre de persona Casacuberta, Myrta.
9 (RLIN) 35992
852 ## - LOCALIZACIÓN
Ubicación ES-MaACL
Número de control de estantería C-21712
Sublocalización o colección R.50051
Holdings
Estatus retirado Estado de pérdida Estado de daño No para préstamo Biblioteca de origen Biblioteca actual Ubicación en estantería Fecha de adquisición Fuente de adquisición Total de préstamos Signatura topográfica completa Código de barras Visto por última vez Precio de reemplazo Tipo de ítem Koha
        Biblioteca del Ateneo de Madrid Biblioteca del Ateneo de Madrid Galería 17/01/2008     C-21712 1031863 23/02/2023 23/02/2023 Libro impreso